000 01627cam a22002054a 4500
005 20250605164041.0
008 250528s ||||||||||||||||||||||||d
035 _a16999
020 _a521283752
040 _aGR-AtMCL
_bgre
_dGR-AtMCL
_eAACR2
245 1 _aSexual Meanings / The Cultural Construction of Gender and Sexuality
260 _bCambridge University Press,
_c1992
300 _a438
520 _aThis volume is a collection of original essays dealing with the ways in which sex and gender are socially organized and conceptually construed in various cultures. Preface, Introduction: Accounting for Sexual Meanings, The Gender Revolution and the Transition from Bisexual Horde to Patrilocal Band: The Origins of Gender Hierarchy, The Cultural Organization of Gender, The Bow and the Burden Strap: A New Look at Institutionalized Homosexuality in Native North America, Transforming ''Natural'' Woman: Female Ritual Leaders and Gender Ideology Among Bimin-Kuskusmin, Self-Interest and the Social Good: Some Implications of Hagen Gender Imagery, Sexuality and Gender in Samoa: Conceptions and Missed Conceptions, Like Wounded Stags: Male Sexual Ideology in an Andalusian Town, Pigs and Women and the Men's House in Amazonia: An Analysis of Six Mundurucu Myths, The Political Contexts of Gender, Politics and Gender in Simple Societies, Women and Warriors and Patriarchs, Gender and Sexuality in Hierarchical Societies: The Case of Polynesia and Some Comparative Implications, Index.
700 1 _aOrtner Sherry B
_93123
700 1 _aWhitehead Harriet
_93124
942 _cBK
999 _c2440
_d2440